| 000 | 00425nam a2200205Ia 4500 | ||
|---|---|---|---|
| 001 | 12796 | ||
| 003 | GE_BSU | ||
| 008 | 181216s||||||||xx |||||||||||||| ||und|| | ||
| 040 | _cGE_BSU | ||
| 080 | _a821.111-32 | ||
| 100 | _aRoche De La Mazo. | ||
| 245 | _aJalna. | ||
| 245 | _bUnabridged. | ||
| 260 | _aLondon. | ||
| 260 | _bPan Books LTD. | ||
| 260 | _c1966 | ||
| 300 | _a268p.18cm. | ||
| 653 | _aJalna. | ||
| 942 | _cBK | ||
| 999 |
_c45967 _d45967 |
||